Singapore and Asia impact of the global financial tsunami and other economic issues /

Bibliographic Details
Corporate Authors: NTU-MOE Seminars Singapore), ProQuest (Firm)
Other Authors: Sng, Hui Ying., Chia, Wai Mun.
Format: Electronic Conference Proceeding eBook
Language:English
Published: Singapore ; Hackensack, NJ : World Scientific, c2010.
Subjects:
Online Access:Click to View
LEADER 01860nam a2200493 a 4500
001 EBC1681320
003 MiAaPQ
005 20200520144314.0
006 m o d |
007 cr cn|||||||||
008 090918s2010 si a sb 101 0 eng
010 |z  2009037583 
015 |a GBA9B7041  |2 bnb 
016 7 |z 015434273  |2 Uk 
020 |z 9789814280457 
020 |z 9814280453 
020 |z 9789814280464 
020 |z 9814280461 
035 |a (MiAaPQ)EBC1681320 
035 |a (Au-PeEL)EBL1681320 
035 |a (CaPaEBR)ebr10422531 
035 |a (CaONFJC)MIL276116 
035 |a (OCoLC)696161018 
040 |a MiAaPQ  |c MiAaPQ  |d MiAaPQ 
043 |a a-si---  |a a------ 
050 4 |a HC445.8  |b .N78 2009 
082 0 4 |a 330.95957  |2 22 
111 2 |a NTU-MOE Seminars  |d (2009 :  |c Singapore) 
245 1 0 |a Singapore and Asia  |h [electronic resource] :  |b impact of the global financial tsunami and other economic issues /  |c editors, Sng Hui Ying, Chia Wai Mun. 
260 |a Singapore ;  |a Hackensack, NJ :  |b World Scientific,  |c c2010. 
300 |a xviii, 203 p. :  |b ill. 
500 |a "This book is the result of ... a [NTU-MOE] seminar."--P. vii. 
504 |a Includes bibliographical references and index. 
533 |a Electronic reproduction. Ann Arbor, MI : ProQuest, 2015. Available via World Wide Web. Access may be limited to ProQuest affiliated libraries. 
650 0 |a Financial crises  |z Singapore  |v Congresses. 
650 0 |a Financial crises  |z Asia  |v Congresses. 
650 0 |a Global Financial Crisis, 2008-2009. 
651 0 |a Singapore  |x Economic policy  |v Congresses. 
651 0 |a Asia  |x Economic policy  |v Congresses. 
655 4 |a Electronic books. 
700 1 |a Sng, Hui Ying. 
700 1 |a Chia, Wai Mun. 
710 2 |a ProQuest (Firm) 
856 4 0 |u https://ebookcentral.proquest.com/lib/matrademy/detail.action?docID=1681320  |z Click to View